<?xml version="1.0" encoding="UTF-8"?>
<record
    xmlns:xsi="http://www.w3.org/2001/XMLSchema-instance"
    xsi:schemaLocation="http://www.loc.gov/MARC21/slim http://www.loc.gov/standards/marcxml/schema/MARC21slim.xsd"
    xmlns="http://www.loc.gov/MARC21/slim">

  <leader>00325nam a2200133Ia 4500</leader>
  <controlfield tag="008">150301s2013    xx            000 0 und d</controlfield>
  <datafield tag="082" ind1=" " ind2=" ">
    <subfield code="a">610.7362</subfield>
    <subfield code="b">P13M</subfield>
  </datafield>
  <datafield tag="100" ind1=" " ind2=" ">
    <subfield code="a">MARLOW, DOROTHY R.</subfield>
  </datafield>
  <datafield tag="245" ind1=" " ind2=" ">
    <subfield code="a">TB. OF PEDIATRIC NURSING</subfield>
  </datafield>
  <datafield tag="260" ind1=" " ind2=" ">
    <subfield code="b">ELSEVER</subfield>
    <subfield code="c">2013</subfield>
  </datafield>
  <datafield tag="300" ind1=" " ind2=" ">
    <subfield code="a">1061</subfield>
  </datafield>
  <datafield tag="650" ind1=" " ind2=" ">
    <subfield code="a">PEDIATRIC NURSING</subfield>
  </datafield>
  <datafield tag="942" ind1=" " ind2=" ">
    <subfield code="2">ddc</subfield>
    <subfield code="c">BK</subfield>
    <subfield code="0">6</subfield>
  </datafield>
  <datafield tag="952" ind1=" " ind2=" ">
    <subfield code="0">0</subfield>
    <subfield code="1">0</subfield>
    <subfield code="2">ddc</subfield>
    <subfield code="4">0</subfield>
    <subfield code="7">0</subfield>
    <subfield code="8">NURSING</subfield>
    <subfield code="a">FM</subfield>
    <subfield code="b">FM</subfield>
    <subfield code="c">TXT</subfield>
    <subfield code="d">2015-07-02</subfield>
    <subfield code="e">ABC DELHI</subfield>
    <subfield code="g">1445.00</subfield>
    <subfield code="i">SGTU</subfield>
    <subfield code="l">1</subfield>
    <subfield code="o">610.7362 P13M</subfield>
    <subfield code="p">FN2881</subfield>
    <subfield code="r">2024-06-04 00:00:00</subfield>
    <subfield code="s">2024-05-17</subfield>
    <subfield code="w">2015-03-25</subfield>
    <subfield code="y">BK</subfield>
    <subfield code="k">5533</subfield>
  </datafield>
  <datafield tag="952" ind1=" " ind2=" ">
    <subfield code="0">0</subfield>
    <subfield code="1">0</subfield>
    <subfield code="2">ddc</subfield>
    <subfield code="4">0</subfield>
    <subfield code="7">0</subfield>
    <subfield code="8">NURSING</subfield>
    <subfield code="a">FM</subfield>
    <subfield code="b">FM</subfield>
    <subfield code="c">TXT</subfield>
    <subfield code="d">2015-07-02</subfield>
    <subfield code="e">ABC DELHI</subfield>
    <subfield code="g">1445.00</subfield>
    <subfield code="i">SGTU</subfield>
    <subfield code="l">3</subfield>
    <subfield code="o">610.7362 P13M</subfield>
    <subfield code="p">FN2882</subfield>
    <subfield code="r">2025-03-03 00:00:00</subfield>
    <subfield code="s">2025-02-04</subfield>
    <subfield code="w">2015-03-25</subfield>
    <subfield code="y">BK</subfield>
    <subfield code="k">5533</subfield>
  </datafield>
  <datafield tag="952" ind1=" " ind2=" ">
    <subfield code="0">0</subfield>
    <subfield code="1">0</subfield>
    <subfield code="2">ddc</subfield>
    <subfield code="4">0</subfield>
    <subfield code="7">0</subfield>
    <subfield code="8">NURSING</subfield>
    <subfield code="a">FM</subfield>
    <subfield code="b">FM</subfield>
    <subfield code="c">TXT</subfield>
    <subfield code="d">2015-07-02</subfield>
    <subfield code="e">ABC DELHI</subfield>
    <subfield code="g">1445.00</subfield>
    <subfield code="i">SGTU</subfield>
    <subfield code="l">0</subfield>
    <subfield code="o">610.7362 P13M</subfield>
    <subfield code="p">FN2883</subfield>
    <subfield code="r">2015-07-02 00:00:00</subfield>
    <subfield code="w">2015-03-25</subfield>
    <subfield code="y">BK</subfield>
    <subfield code="k">5533</subfield>
  </datafield>
  <datafield tag="952" ind1=" " ind2=" ">
    <subfield code="0">0</subfield>
    <subfield code="1">0</subfield>
    <subfield code="2">ddc</subfield>
    <subfield code="4">0</subfield>
    <subfield code="7">0</subfield>
    <subfield code="8">NURSING</subfield>
    <subfield code="a">FM</subfield>
    <subfield code="b">FM</subfield>
    <subfield code="c">TXT</subfield>
    <subfield code="d">2015-07-02</subfield>
    <subfield code="e">ABC DELHI</subfield>
    <subfield code="g">1445.00</subfield>
    <subfield code="i">SGTU</subfield>
    <subfield code="l">1</subfield>
    <subfield code="o">610.7362 P13M</subfield>
    <subfield code="p">FN2884</subfield>
    <subfield code="r">2022-10-12 00:00:00</subfield>
    <subfield code="s">2022-09-28</subfield>
    <subfield code="w">2015-03-25</subfield>
    <subfield code="y">BK</subfield>
    <subfield code="k">5533</subfield>
  </datafield>
  <datafield tag="952" ind1=" " ind2=" ">
    <subfield code="0">0</subfield>
    <subfield code="1">0</subfield>
    <subfield code="2">ddc</subfield>
    <subfield code="4">0</subfield>
    <subfield code="7">0</subfield>
    <subfield code="8">NURSING</subfield>
    <subfield code="a">FM</subfield>
    <subfield code="b">FM</subfield>
    <subfield code="c">TXT</subfield>
    <subfield code="d">2015-07-02</subfield>
    <subfield code="e">ABC DELHI</subfield>
    <subfield code="g">1445.00</subfield>
    <subfield code="i">SGTU</subfield>
    <subfield code="l">2</subfield>
    <subfield code="o">610.7362 P13M</subfield>
    <subfield code="p">FN2885</subfield>
    <subfield code="r">2024-08-13 00:00:00</subfield>
    <subfield code="s">2023-01-23</subfield>
    <subfield code="w">2015-03-25</subfield>
    <subfield code="y">BK</subfield>
    <subfield code="k">5533</subfield>
  </datafield>
  <datafield tag="999" ind1=" " ind2=" ">
    <subfield code="c">6843</subfield>
    <subfield code="d">6843</subfield>
  </datafield>
</record>
